000 00366nam a2200145Ia 4500
008 231129s2008||||xx |||||||||||||| ||spa||
020 _a978-958-8294-34-6
040 _bspa
082 _a920.71 C198t
100 _aCampos Juan
245 0 _aTodo por un cigarrillo
260 _c2008
264 _aEdiciones B
942 _2ddc
_cBKS
999 _c25461
_d25461